One Piece: personnages saga Skypiea - Statistiques

Statistiques générales
  • Ce quiz a été pris 432 fois
  • Le résultat moyen est 44 sur 67
Statistiques - réponses
Hint Réponse % Correct
Capitaine de l'équipage au chapeau de paille Monkey D Luffy
99%
Navigatrice de l'équipage au chapeau de paille Nami
99%
Combattant de l'équipage au chapeau de paille Roronoa Zoro
98%
Médecin de l'équipage au chapeau de paille Tony Tony Chopper
98%
Tireur de l'équipage au chapeau de paille Usopp
98%
Cuisinier de l'équipage au chapeau de paille Vinsmoke Sanji
98%
Archéologue de l'équipage au chapeau de paille Nico Robin
97%
Capitaine de l'équipage du Roux Shanks le Roux
96%
Capitaine de l'équipage du Clown Baggy le clown
94%
Escrimeur le plus fort du Monde Mihawk
91%
Dieu de Skypiea Ener
90%
Capitaine de l'équipage de Barbe noire Marshall D Teach
90%
L'homme le plus fort du monde Edward Newgate
89%
Tireur de l'équipage du Roux Yasopp
89%
Capitaine de la 2e flotte du Moby Dick Ace aux poings ardents
87%
Corsaire à la prime de 340 millions de berrys Don Quichotte Doflamingo
87%
Corsaire surnommé le Tyran Bartolomew kuma
86%
Capitaine de la 1ère flotte du Moby Dick Marco le phénix
84%
Capitaine de l'équipage de la Hyène Bellamy la hyène
83%
Capitaine Allié de l'équipage du Clown Alvida
82%
Lieutenant de l'équipage du Roux Lucky Roo
82%
Aventurier surnommé le menteur Montblanc Norland
82%
Amiral en chef de la marine Sengoku le bouddha
82%
Second de l'équipage du Roux Ben Beckmann
78%
Timonier de l'équipage de Barbe noire Jesus Burgess
74%
Lieutenant de l'équipage du Clown Cabaji
73%
Contre Amiral de la marine Smoker
73%
Médecin de l'équipage de Barbe noire Doc Q
71%
Messager de l'équipage du Roux Rockstar
71%
Guerrier Shandia Wiper
71%
Lion de l'équipage du Clown Richie
70%
Habitante de Skypiea Conis
69%
Ancien Dieu de Skypiea Gan forr
69%
Lieutenant de l'équipage du Clown Morge
69%
Oiseau de l'ancien Dieu de Skypiea Pierre
68%
Navigateur de l'équipage de Barbe noire Laffite
67%
Capitaine de la ligue des primates Montblanc Cricket
67%
Prélat de Skypiea Ohm
67%
Prélat de Skypiea Satori
67%
Colonel de la marine Tashigi
67%
Tireur de l'équipage de Barbe noire Van Augur
66%
Ancien chef Shandia Calgara
64%
Prélat de Skypiea Gedatsu
60%
Fille Shandia Aisa
57%
Prélat de Skypiea Shura
57%
Second de l'équipage de la Hyène Sarquiss
55%
Guerrière Shandia Laki
54%
Habitant de Skypiea Pagaya
52%
Renard de Skypiea Su
52%
Membre de la ligue des primates Masira
50%
Frère de prélat Kotori
48%
Membre de la ligue des primates Shojô
48%
Frère de prélat Hotori
42%
Gardienne de Skypiea Amazon
41%
Guerrier Shandia Kamakiri
39%
Chef de la Sainte Garde Yama
37%
Capitaine des Béret blanc de Skypiea Mckinley
36%
Fille de l'ancien chef Shandia Mousse
35%
Guerrier Shandia Braham
34%
Capitaine de l'équipage de l'executeur Roshio l'exécuteur
33%
Guerrier Shandia Genbô
31%
Chien de Prélat Holy
31%
Dieu Shandia Nola
28%
Oiseau de Prélat Fuza
24%
Ancien guerrier Shandia Seto
20%
Ancien Dieu Shandia Kashigami
10%
Vice amiral de la marine Stainless
9%
Aucun quiz correspondant
Distribution des résultats
% des personnes avec chaque résultat
Percentile par nombre de réponses
Votre historique - résultats
Vous n’avez pas pris ce quiz